00864nam a22002297a 450000500170000001000130001702000120003003500130004203700160005504000120007108200150008311000680009824500940016626000540026027000510031430000220036565000400038765000310042794200240045899900190048295201330050120170124110258.0 aB-093487 c1100.00 aB-093487 bCen Lib/Ret aDPLbEN a660.6bBIO aIndia. National Institute of Industrial Research, Delhi9142393 aBiotechnology hand book /cby India. National Institute of Industrial Research, New Delhi aDelhibNational Institute of Industrial Research  a106-E, Kamla Nagar, P.E.No.2162bDelhie110007 a682p. c20cm(pbk) aOrganisms of biotechnology 9100024 aNitrogen fixation 9100025 2ddccENh660.6mBIO c136350d136350 001040718REFaLbLd2016-03-28eCen Lib/Refg1100.00l0o660.6 BIOpB-093487r2016-03-28 00:00:00t1v1100.00w2016-03-28yEN